Stati per esportazioni di Petrolio - Statistics

Statistiche generali
  • Questo quiz è stato fatto 22 volte
  • Il punteggio medio è 8 su 10
Statistiche sulle risposte
Esportazioni (barili / giorno) Continente Nazione % Corretto
3 604 000 America del Nord Stati Uniti
100%
3 350 000 America del Nord Canada
95%
4 780 000 Asia / Europa Russia
95%
7 364 000 Asia Arabia Saudita
89%
1 346 417 America del Sud Brasile
89%
3 712 000 Asia Iraq
79%
2 717 000 Asia Emirati Arabi Uniti
74%
1 879 000 Asia Kuwait
74%
1 558 000 Europa Norvegia
63%
1 388 000 Africa Nigeria
53%
Nessun quiz corrispondente trovato
Distribuzione punteggi
Percentuale di utenti per punteggio
Percentile per numero di risposta
I tuoi punteggi nel tempo
Non hai fatto questo quiz